Fashion source book

Bibliographic Details
Main Author: McKelvey, Kathryn
Format: Book
Published: UK : Blackwell Publishing Ltd , 2006
Edition:Second edition
Subjects:

MARC

LEADER 00000cam a2200000 7i4500
001 0000019895
005 20080619.0
008 080619
020 |a 1405155116 
090 0 0 |a 746.92   |b MCK 
100 1 |a McKelvey, Kathryn 
245 1 0 |a Fashion source book   |c Kathryn McKelvey 
250 |a Second edition 
260 |a UK :   |b Blackwell Publishing Ltd ,   |c 2006 
650 0 |a Fashion drawing   |x Pictorial works 
999 |a 0001025461   |b Book   |c REFERENCE   |e Perbadanan Perpustakaan Awam Johor